Catalog

Record Details

Catalog Search



Available copies

  • 2 of 2 copies available at LARL/NWRL Consortium.

Current holds

0 current holds with 2 total copies.

Show Only Available Copies
Location Call Number / Copy Notes Barcode Shelving Location Status Due Date
Godel Memorial-Warren Library PRO (Text) 35500003265921 Main Available -
Thief River Falls Public Library PRO (Text) 35500003258272 Main Available -

Record details

  • ISBN: 0786710861 :
  • Physical Description: 233 p. ; 24 cm.
  • Edition: 1st Carroll & Graf ed.
  • Publisher: New York : Carroll & Graf, 2003.
Subject: Adult Mystery
Nameless Detective (Fictitious character) > Fiction.
Private investigators > California > San Francisco > Fiction.
San Francisco (Calif.) > Fiction.
Genre: Mystery fiction.
LDR 01259cam a2200325Ka 4500
00145845
003LARL_NWRL_CONSORTIUM
00520021216160414.0
008021203s2003 nyu 000 f eng d
020 . ‡a0786710861 : ‡c%24.00
035 . ‡a(OCoLC)51112277
092 . ‡aFICTION
099 . ‡aPro
1001 . ‡aPronzini, Bill. ‡0(LARL_NWRL_CONSORTIUM)54697
24510. ‡aSpook ‡n#28 ‡ba "Nameless Detective" novel / ‡cBill Pronzini.
250 . ‡a1st Carroll & Graf ed.
260 . ‡aNew York : ‡bCarroll & Graf, ‡c2003.
300 . ‡a233 p. ; ‡c24 cm.
4900 . ‡aNameless Detective ; ‡v28
650 . ‡aAdult Mystery
650 0. ‡aNameless Detective (Fictitious character) ‡vFiction. ‡0(LARL_NWRL_CONSORTIUM)173591
650 0. ‡aPrivate investigators ‡zCalifornia ‡zSan Francisco ‡vFiction. ‡0(LARL_NWRL_CONSORTIUM)166943
651 0. ‡aSan Francisco (Calif.) ‡vFiction. ‡0(LARL_NWRL_CONSORTIUM)167303
655 7. ‡aMystery fiction. ‡2gsafd
901 . ‡a45845 ‡bOCLC ‡c45845 ‡tbiblio

Additional Resources